| 000 | 00446nam a2200169Ia 4500 | ||
|---|---|---|---|
| 008 | 180207s9999 xx 000 0 und d | ||
| 020 | _a9781841355429 | ||
| 050 | _bC643 2008 | ||
| 100 | _aCloke, Rene. | ||
| 245 | 4 | _aThe little ton soldier / | |
| 245 | _cillustrated by Rene Cloke. | ||
| 260 | _bAward Publications Limited, | ||
| 260 | _c2008 | ||
| 300 | _a24 pages : | ||
| 300 | _bcolor illustration ; | ||
| 440 | _aTimeless fairy tales. | ||
| 999 |
_c355268 _d355268 |
||